000 00669nam a22001937a 4500
003 0
005 20230823100151.0
008 230823b xxu||||| |||| 00| 0 eng d
020 _a978-621-406-342
050 _aLB 2326.3
_b.Ou98 2022
245 _aOutcomes based practical guide to thesis and capstone project writing in computing
260 _aManila
_bMindshapers Co., Inc.
_cc2022.
300 _aviii, 257 pages :
_bill. ;
_c26 cm.
500 _aResearch study and teaching (higher).
650 _aResearch study and teaching (higher).
650 _aComputer science--study and teaching (higher)
650 _aComputer Science -- Research
942 _2lcc
_cBK
999 _c365185
_d365185